Cómo escribir una canción : (Record no. 23459)

000 -CABECERA
fixed length control field 01002nam a22002537i 4500
003 - IDENTIFICADOR DEL NÚMERO DE CONTROL
control field AR-CdUCM
008 - DATOS DE LONGITUD FIJA--INFORMACIÓN GENERAL
fixed length control field 260120b20202020 pe||||| |||| 00| 0 spa d
020 ## - NÚMERO INTERNACIONAL ESTÁNDAR DEL LIBRO
ISBN 978-84-18703-52-2
040 ## - FUENTE DE LA CATALOGACIÓN
Agencia/entidad que catalogó originalmente la obra MUNICIPALIDAD PROVINCIAL DEL CUSCO
Entidad que transcribió la catalogación BIBLIOTECA MUNICIPAL DEL CUSCO
082 ## - NÚMERO DE LA CLASIFICACIÓN DECIMAL DEWEY
No. de Clasificación ES / 868.3 /
Notacion interna B39
100 ## - ENTRADA PRINCIPAL--NOMBRE DE PERSONA
Nombre Personal Bell, Ed
245 ## - MENCIÓN DE TÍTULO
Título Cómo escribir una canción :
Resto del título (incluso si nunca has escrito una y crees que eres malísimo) /
260 ## - PUBLICACIÓN, DISTRIBUCIÓN, ETC.
Lugar de publicación, distribución, etc. Barcelona-España :
Nombre de la editorial, distribuidor, etc. Reedbook, Ediciones
Fecha de publicación, distribución, etc. 2020
300 ## - DESCRIPCIÓN FÍSICA
Nº de Páginas Extensión 338 páginas. :
Dimensiones 24x17 cm.
505 ## - NOTA DE CONTENIDO CON FORMATO
Nota de contenido formateada Encuentra una gran idea para una acción -- Elige un gancho lirico -- Escribe la letra del estribillo -- Compon los acordes, la melodia -- Compón los acordes -- Añade un puente -- Y ahora qué
650 ## - PUNTO DE ACCESO ADICIONAL DE MATERIA--TÉRMINO DE MATERIA
Descriptor Ideas para componer
9 (RLIN) 52029
650 ## - PUNTO DE ACCESO ADICIONAL DE MATERIA--TÉRMINO DE MATERIA
Descriptor Melodía
9 (RLIN) 14101
650 ## - PUNTO DE ACCESO ADICIONAL DE MATERIA--TÉRMINO DE MATERIA
Descriptor Estrofa
9 (RLIN) 52030
650 ## - PUNTO DE ACCESO ADICIONAL DE MATERIA--TÉRMINO DE MATERIA
Descriptor Acordes
9 (RLIN) 52031
650 ## - PUNTO DE ACCESO ADICIONAL DE MATERIA--TÉRMINO DE MATERIA
Descriptor Añade un puente
9 (RLIN) 52032
942 ## - ELEMENTOS DE PUNTO DE ACCESO ADICIONAL (KOHA)
Fuente de clasificación
Tipo de item Libros-BMC
945 ## - PROCESAMIENTO DE INFORMACIÓN LOCAL (OCLC)
Catalogador pbjr
AAAA-MM-DD - Fecha de ingreso o modificacion 20-01-2026
Holdings
Estado de retiro (separado) Fuente de clasificación o esquema de estanterías Estado dañado Ubicación Sala donde se ubica Nombre de la colección Fecha de adquisición o compra Fuente de adquisición Costo, precio normal en soles Signatura topográfica Código de Barras Última vez visto (Koha) Tipo de ítem (Koha)
No     Sala de Infantes Sala de Infantes Book Cart 2026-01-20 Donación 20.00 ES / 868.3 / B39 SI00005067 2026-01-20 Libros-BMC

Powered by Koha